| 000 | 00598nam a2200229Ia 4500 | ||
|---|---|---|---|
| 003 | OSt | ||
| 005 | 20220928102811.0 | ||
| 006 | a|||||r|||| 00| 0 | ||
| 007 | ta | ||
| 008 | 220927b |||||||| |||| 00| 0 eng d | ||
| 024 | _a63272 | ||
| 037 | _cTextual | ||
| 040 |
_aSDCL _cSDCL _beng |
||
| 041 |
_2eng _aeng |
||
| 082 | _aR3xL24,CJ, J2 | ||
| 100 |
_aKant Immanuel _9392645 |
||
| 245 | 0 | _aCritique of judgement. | |
| 260 |
_aOxford _bAt the Clarendon Press _c1952 |
||
| 300 |
_a180p. _ccm. |
||
| 942 |
_hR3xL24,CJ, J2 _cTEXL _2CC |
||
| 999 |
_c716339 _d716339 |
||